Монетное дело. Изложение приемов и операций, встречающихся при выделке монеты; Ч. 2. Выделка монеты

Dettagli Bibliografici
Autore principale: Добронизский А. В. Александр Валентинович
Lingua:russo
Pubblicazione: Санкт-Петербург, Типография и Хромотография А. Траншеля, 1875
Soggetti:
Natura: Libro
KOHA link:https://koha.lib.tpu.ru/cgi-bin/koha/opac-detail.pl?biblionumber=339986

MARC

LEADER 00000nam0a2200000 4500
001 339986
005 20231102005208.0
035 |a (RuTPU)RU\TPU\book\366531 
090 |a 339986 
100 |a 20180206d1875 m y0rusy50 ca 
101 0 |a rus 
102 |a RU 
105 |a af z 000zy 
200 1 |a Монетное дело. Изложение приемов и операций, встречающихся при выделке монеты  |f горн. инж. А. В. Добронизский  |h Ч. 2. Выделка монеты 
210 |a Санкт-Петербург  |c Типография и Хромотография А. Траншеля  |d 1875 
215 |a 77 с.  |c ил.  |e 2 вкл. л. 
606 |a Монеты  |2 stltpush  |3 (RuTPU)RU\TPU\subj\44374  |9 63719 
610 1 |a монеты 
610 1 |a золотые монеты 
610 1 |a монетный двор 
610 1 |a серебряные монеты 
610 1 |a плавильные печи 
610 1 |a сплавы 
675 |a 737  |v 4 
700 1 |a Добронизский  |b А. В.  |g Александр Валентинович 
801 1 |a RU  |b 63413507  |c 20180206 
801 2 |a RU  |b 63413507  |c 20180207  |g RCR 
942 |c BK